000 00290nam a22001097a 4500
082 _a954/DEE
100 _aDeepak.J Sai
_983271
245 _aIndia That Is Bharat
_bColoniality,Civilisation,Constitution
260 _aNew Delhi
_bBloomsbury Publishing
_c2021
650 _aHIstory
942 _cBK
999 _c68117
_d68117